Prueba de Yemen - Estadísticas

Estadísticas generales
  • Esta prueba ha sido intentada 818 veces
  • La puntuación promedio es 11 de 18
Estadísticas de respuestas
Pista Respuesta % Correcto
Países limítrofes Arabia Saudita
99%
Idioma oficial Árabe
98%
Países limítrofes Omán
98%
La religión dominante Islam
93%
El país africano más cercano, situado a menos de 20 km de distancia Yibuti
89%
Mar al oeste Mar Rojo
88%
Yemen fue, a veces, el territorio más al sur de este imperio turco Otomano
85%
Capital Saná
82%
El Yemen abolió esta en 1962, pero todavía se practica hoy en día. Esclavitud
70%
Casi toda la población judía de Yemen huyó a este país en la "Operación Alfombra Mágica" Israel
69%
Nombra uno de los dos países que se combinaron para formar el Yemen en 1990 Yemen del Norte / Yemen del Sur
49%
Una bebida muy popular que se cree que se originó en el Yemen Café
43%
La mayor ciudad costera, o el golfo sobre el que se asienta Aden
41%
La isla más grande Socotra
39%
Grupo rebelde chiíta que controla el oeste del país (comienza con H) Hutíes
31%
Como muchos países, Yemen tiene una población de estas tribus nómadas que viven en el desierto Beduinos
28%
Planta frondosa masticada como estimulante Khat
20%
Los árboles de aspecto fresco de la respuesta anterior Dracaena {cinnabari}
11%
No se encontraron pruebas coincidentes
Distribución de puntuación
Porcentaje de gente con cada puntuación
Porcentaje por número respondido
Historial de tus puntuaciones
No has intentado esta prueba.